00763nam a2200193 4500001000700000003000900007005001700016007000300033008004100036245006300077260006000140300003900200500005500239600003000294710007200324852003200396999001900428952012200447109228ES-MaACL20230906184813.0t|061121s1966 sp r ||||1| spa d00aMiscelánea en memoria de Don Mario Férotin, 1914-1964. aMadrid : bC.S.I.C. Instituto Enrique Flórez, c1966. aVIII, 560 p., 11 lám. ; c26 cm. aEs tirada aparte de Hispania Sacra, v. XVII-XVIII.14aFérotin, Marius.9502202 aInstituto de Historia Eclesiástica "Padre Enrique Flórez"94954 aES-MaACLjC-29229 bR.59583 c109228d109228 00104070aATENEOMbATENEOMcDEPO2d2008-01-17eSCl0oC-29229p1113973r2023-02-23 00:00:00w2023-02-23yMONOGRAFIA